Umsatzstärkste Schweizer Detailhändler - Statistiken

Allgemein
  • Dieses Quiz wurde 93 mal gespielt
  • Das Durchschnittsergebnis liegt bei 5 aus 10
Antwortstatistiken
Platz Umsatz in Mrd. CHF Detailhändler % Korrekt
1 15.0 Coop
100%
2 14.9 Migros
100%
3 3.9 Denner
86%
4 1.8 Volg
74%
6 1.5 Landi
39%
10 0.842 Otto's
24%
7 1.11 Ikea
17%
9 1.0 Fust
16%
8 1.1 Inter Discount
13%
5 1.7 Digitec Galaxus
12%
Keine übereinstimmenden Quizze gefunden
Verteilung der Resultate
Anzahl Personen mit jedem Resultat
Perzentil nach korrekt beantworteten Fragen
Ihre Resultats-Entwicklung
Sie haben dieses Quiz noch nicht gespielt